000 01753nam a22003735i 4500
999 _c27683
_d27654
003 EG-ScBUE
005 20191016104035.0
008 191016s2009 ua a f b 000 0 ara d
017 _a2009 / 21033
020 _a9789774033661
040 _aEG-ScBUE
_bara
_erda
_cEG-ScBUE
_dEG-ScBUE
043 _aa-my---
_aa------
082 0 4 _a327.595059
_bم ا ل
_222
245 0 0 _aماليزيا وجنوب شرق آسيا /
_cتحرير أ. د. هدى ميتكيس، أ. د. حسن بصري.
246 3 4 _aMalaysia and South East Asia
264 1 _aالجيزة، مصر :
_bمركز الدراسات الآسيوية، كلية الاقتصاد والعلوم السياسية، جامعة القاهرة،
_c2009.
300 _a203 صفحة :
_bإيضاحيات ؛
_c24 سم
336 _aنص
_btxt
_2rdacontent
337 _aبدون وسيط
_bn
_2rdamedia
338 _aمجلد
_bnc
_2rdacarrier
504 _aيشتمل على إرجاعات ببليوجرافية.
541 _aDr. Gamal Selim ;
_cDonation ;
650 _2BUEsh
651 7 _aماليزيا
_xعلاقات خارجية
_zجنوب شرق آسيا.
_2BUEsh
651 7 _aجنوب شرق آسيا
_xعلاقات خارجية
_zماليزيا
_2BUEsh
651 7 _aماليزيا
_xعلاقات اقتصادية
_zجنوب شرق آسيا
_2BUEsh
651 7 _aجنوب شرق آسيا
_xعلاقات اقتصادية
_zماليزيا
_2BUEsh
651 7 _aماليزيا
_xعلاقات سياسية
_zجنوب شرق آسيا
_2BUEsh
651 7 _aجنوب شرق آسيا
_xعلاقات سياسية
_zماليزيا
_2BUEsh
653 _bMASPPSS
_bBUSBOL
_cOctober2019
700 1 _aميتكيس، هدى،
_eمحرر.
700 1 _aبصري، حسن،
_eمحرر.
942 _2ddc